EA Sports FC 25 Top 100 Serie A Players - Statistics

General Stats
  • This quiz has been taken 2,322 times
    1,376 since last reset
  • The average score is 63 of 100
Answer Stats
# Player Club Nation OVR Position % Correct
1 Lautaro Martínez 89 ST
99%
4 Mike Maignan 87 GK
97%
2 Paulo Dybala 87 CAM
97%
8 Rafael Leão 86 LW
97%
3 Theo Hernández 87 LB
97%
7 Yann Sommer 87 GK
96%
5 Alessandro Bastoni 87 CB
95%
6 Nicolò Barella 87 CM
95%
11 Khvicha Kvaratskhelia 85 LW
93%
13 Federico Dimarco 84 LB
92%
10 Hakan Çalhanoğlu 86 CDM
92%
16 Dušan Vlahović 84 ST
90%
9 Gleison Bremer 86 CB
89%
25 Christian Pulisic 83 RW
87%
28 Marcus Thuram 83 ST
87%
14 Artem Dovbyk 84 ST
86%
22 Álvaro Morata 83 ST
84%
12 Francesco Acerbi 84 CB
84%
18 Stefan de Vrij 83 CB
83%
35 Denzel Dumfries 82 RB
82%
29 Fikayo Tomori 83 CB
82%
17 Ismaël Bennacer 83 CDM
82%
39 Romelu Lukaku 82 ST
80%
38 Ademola Lookman 82 ST
79%
15 Benjamin Pavard 84 CB
79%
21 Henrikh Mkhitaryan 83 CM
79%
34 Giovanni Di Lorenzo 82 RB
77%
31 Duván Zapata 83 ST
75%
23 Lorenzo Pellegrini 83 CAM
75%
37 Stanislav Lobotka 82 CM
75%
20 Manuel Locatelli 83 CDM
73%
54 Marko Arnautović 80 ST
73%
53 Piotr Zieliński 81 CM
73%
41 Tijjani Reijnders 82 CM
73%
50 Alex Meret 81 GK
72%
51 Arkadiusz Milik 81 ST
72%
68 Mehdi Taremi 80 ST
72%
19 Teun Koopmeiners 83 CM
72%
36 Filip Kostić 82 LM
70%
69 André-Franck Zambo Anguissa 80 CDM
69%
49 Ruben Loftus-Cheek 81 CM
67%
44 Matteo Darmian 81 RB
66%
27 Douglas Luiz 83 CM
65%
33 Danilo 82 CB
63%
96 Tammy Abraham 78 ST
63%
56 Davide Calabria 80 RB
62%
40 Gianluca Mancini 82 CB
62%
24 Ivan Provedel 83 GK
62%
26 Alessio Romagnoli 83 CB
61%
87 Mário Rui 79 LB
60%
66 Matteo Politano 80 RW
60%
65 Mario Pašalić 80 CM
59%
30 Mattia Zaccagni 83 LW
59%
79 Luka Jović 79 ST
58%
67 Amir Rrahmani 80 CB
57%
46 Davide Frattesi 81 CM
57%
57 Samuel Chukwueze 80 RW
57%
75 Boulaye Dia 79 ST
56%
59 Éderson 80 CM
56%
83 Mattia Perin 79 GK
56%
58 Michele Di Gregorio 80 GK
56%
73 Charles De Ketelaere 79 CAM
55%
74 Marten de Roon 79 CM
55%
47 Remo Freuler 81 CDM
55%
52 Riccardo Orsolini 81 RM
55%
78 Robin Gosens 79 LB
55%
64 David Neres 80 LM
53%
63 Mattéo Guendouzi 80 CM
53%
43 Bryan Cristante 81 CM
51%
61 Nicolás González 80 RW
51%
42 Raphaël Varane 82 CB
51%
77 Lewis Ferguson 79 CM
50%
45 Youssouf Fofana 81 CDM
50%
82 Adam Marušić 79 LB
49%
55 Alessandro Buongiorno 80 CB
48%
100 Berat Djimsiti 78 CB
48%
32 Marco Carnesecchi 82 GK
48%
94 Carlos Augusto 79 LM
47%
72 Valentin Castellanos 79 ST
47%
80 Sead Kolašinac 79 CB
46%
85 Gianluca Scamacca 79 ST
45%
88 Łukasz Skorupski 79 GK
45%
92 Nikola Vlašić 79 CAM
43%
62 Albert Guðmundsson 80 ST
42%
71 Cristiano Biraghi 79 LB
41%
48 Odilon Kossounou 81 CB
41%
76 Stephan El Shaarawy 79 LM
41%
97 Antonín Barák 78 CM
38%
81 Manuel Lazzari 79 RB
38%
95 Saud Abdulhamid 78 RB
38%
93 Davide Zappacosta 79 LB
36%
89 Leonardo Spinazzola 79 LM
36%
84 Matteo Pessina 79 CM
36%
86 Perr Schuurs 79 CB
35%
90 Pietro Terracciano 79 GK
35%
91 Rafael Tolói 79 CB
32%
98 Andrea Belotti 78 ST
31%
70 Emil Audero 79 GK
24%
99 Andrea Colpani 78 CAM
22%
60 Wladimiro Falcone 80 GK
18%
No matching quizzes found
Score Distribution
Percent of People with Each Score
Percentile by Number Answered
Your Score History
You have not taken this quiz since the last reset